| 000 | 00570nam a2200205Ia 4500 | ||
|---|---|---|---|
| 005 | 20250206125859.0 | ||
| 008 | 131103s9999 xx 000 0 und d | ||
| 040 | _aLoreto College | ||
| 041 | _aEnglish | ||
| 082 |
_a900 _bTRE |
||
| 100 | _aTrevelyan,G.M. | ||
| 245 |
_aEnglish social history _b a survey of six centuries Chaucer to Queen Victoria _cG.M.Trevelyan |
||
| 260 |
_aLondon _bLongmans _c1944 |
||
| 300 |
_axii,628 p. _b ill.,dia.,maps |
||
| 504 | _aIncludes index | ||
| 650 | _aHistory | ||
| 651 | _aEngland - History | ||
| 850 | _aLCBED | ||
| 942 | _cBK | ||
| 999 |
_c28893 _d79372 |
||